01180nam a22002417a 4500003000500000008004100005040000800046041001300054082001600067100010200083245008500185250002900270260005600299300003800355336002700393337003300420338002900453505034500482650001500827650003900842650002200881700003500903BPGM260616e1997 mx ol||g |||| 001 0 spa d bspa aspahspa042261.57aG73 aESCOBAR AGUSTÍN, GARCÍA CARLOS, GONZALEZ CAROLUSA, LAGE MARTA Y ZÁRATE GUADALUPE eAUTORES  aGRACIAS Y DESGRACIAS bRELIGIOSIDAD Y ARTE POPULAR EN LOS EXVOTOS DE QUERÉTARO aPRIMERA EDICIÓN b1997 aMÉXICObGOBIERNO DEL ESTADO DE QUERÉTARO c1997 a287 páginas b27.5 cm x 21.2 cm 2rdacontentatextobtxt 2rdamediaasin mediaciónbn 2rdacarrieravolumen bnc aes un estudio sobre la tradición de los exvotos pequeñas pinturas o inscripciones ofrecidas en templos como agradecimiento por favores recibidos o como testimonio de desgracias superadas. El libro analiza cómo estas piezas reflejan la religiosidad popular, la vida cotidiana y la creatividad artística de las comunidades queretanas. 2RELIGIÓN 2TEOLOGÍA SOCIAL Y ECLESIÁSTICA 2TEOLOGÍA SOCIAL aESCOBAR AGUSTÍN eFOTOGRAFO